|
|
|
|
| LEADER |
00000nam2a2200000 4500 |
| 001 |
321774 |
| 005 |
20231102003417.0 |
| 035 |
|
|
|a (RuTPU)RU\TPU\book\347330
|
| 035 |
|
|
|a RU\TPU\book\347329
|
| 090 |
|
|
|a 321774
|
| 100 |
|
|
|a 20160906d1972 m y0rusy50 ca
|
| 101 |
0 |
|
|a rus
|
| 102 |
|
|
|a RU
|
| 105 |
|
|
|a y j 001zd
|
| 200 |
0 |
|
|a Ч. 2 : Март 1917-1925 гг.
|
| 210 |
|
|
|d 1972
|
| 215 |
|
|
|a 334 с.
|
| 320 |
|
|
|a Библиогр.: с. 299-331
|
| 461 |
|
1 |
|0 (RuTPU)RU\TPU\book\324260
|t Хрестоматия по истории КПСС
|o в 3 ч.
|o учебное пособие для вузов
|f сост. Б. В. Гаубих , К. М. Темирбаев, С. А. Юдачев
|v Ч. 2 : Март 1917-1925 гг.
|d 1971-1973
|
| 600 |
|
1 |
|a Ленин
|b В. И.
|c настоящая фамилия Ульянов
|c российский политический деятель
|f 1870-1924
|g Владимир Ильич
|2 stltpush
|3 (RuTPU)RU\TPU\pers\1074
|9 486
|
| 606 |
1 |
|
|a КПСС
|x Учебники и учебные пособия
|2 stltpush
|3 (RuTPU)RU\TPU\subj\14904
|9 41224
|
| 610 |
1 |
|
|a Коммунистическая партия Советского Союза
|
| 610 |
1 |
|
|a история
|
| 610 |
1 |
|
|a 20 век
|
| 610 |
1 |
|
|a хрестоматии
|
| 610 |
1 |
|
|a учебные пособия
|
| 610 |
1 |
|
|a произведения
|
| 610 |
1 |
|
|a партийные деятели
|
| 610 |
1 |
|
|a государственные деятели
|
| 610 |
1 |
|
|a произведения
|
| 610 |
1 |
|
|a программы
|
| 610 |
1 |
|
|a съезды
|
| 610 |
1 |
|
|a конференции
|
| 610 |
1 |
|
|a резолюции
|
| 686 |
|
|
|a Ф61(2)2я73
|v LBC/SL-A
|2 rubbk
|
| 801 |
|
1 |
|a RU
|b 63413507
|c 20160906
|
| 801 |
|
2 |
|a RU
|b 63413507
|c 20191118
|g RCR
|
| 942 |
|
|
|c BK
|